| 000 | 00000nas##2200000za#4500 |
|---|---|
| 001 | 9.512608 |
| 003 | CaOODSP |
| 005 | 20220328113235 |
| 007 | ta |
| 008 | 150406c2000||||xxc|| p #||||f| |0fre|d |
| 022 | |a1206-0054 |
| 040 | |aCaOODSP|bfre |
| 043 | |an-cn--- |
| 086 | 1 |aC12-20F |
| 110 | 1 |aCanada. |bIndustrie Canada. |
| 245 | 10|aRescol revue / |cPublié par Rescol d'Industrie Canada. |
| 260 | |aToronto - Ontario : |bIndustrie Canada |
| 310 | |aIrrégulier |
| 563 | |aCouverture souple |
| 775 | 08|tSchoolNet magazine / |w(CaOODSP)9.514179 |
| 776 | 0#|tRescol : |w(CaOODSP)9.500798 |